| 000 | 00400nam a2200181Ia 4500 | ||
|---|---|---|---|
| 999 |
_c44189 _d44189 |
||
| 003 | 0100 | ||
| 005 | 20170728112253.0 | ||
| 008 | 130303s9999 xx 000 0 und d | ||
| 040 | _cARRUPELIB | ||
| 050 | _aB819.O4 1962 | ||
| 100 |
_aOlson, Robert Goodwin _933859 |
||
| 245 | 3 | _aAn introduction to existentialism | |
| 260 |
_bDover Pub. _aNY _c1962 |
||
| 300 | _a221p. | ||
| 300 | _b 21cm | ||
| 650 |
_aExistentialism _91759 |
||
| 942 | 0 | 0 |
_01 _2lcc _cMONOGRAPH |